[Event "Oberliga Ost-B 1920"]
[Site "Germany"]
[Date "2020.02.29"]
[Round "8.8"]
[White "Ungurean, Florin Ioan"]
[Black "Hein, Lennart"]
[Result "0-1"]
[WhiteElo "1990"]
[BlackElo "1867"]
[PlyCount "126"]
[EventDate "2019.09.29"]
[EventType "team-tourn"]
[EventRounds "11"]
[EventCountry "GER"]
[SourceTitle "EXT 2023"]
[Source "ChessBase"]
[SourceDate "2022.10.05"]
[SourceVersion "1"]
[SourceVersionDate "2022.10.05"]
[SourceQuality "1"]
[WhiteTeam "Wiesbaden"]
[BlackTeam "Marburg"]
[WhiteTeamCountry "GER"]
[BlackTeamCountry "GER"]

1. d4 Nf6 2. Nf3 e6 3. Bf4 c5 4. e3 Nh5 5. Bg3 Nxg3 6. hxg3 b6 7. c3 Bb7 8. Bd3 g6 9. Nbd2 Bg7 10. Qe2 0-0 11. Rd1 cxd4 12. exd4 d6 13. a4 Nc6 14. 0-0 Re8 15. Rfe1 Qc7 16. Ba6 Rad8 17. Bxb7 Qxb7 18. g4 a6 19. g5 d5 20. Ne5 Nxe5 21. dxe5 b5 22. a5 b4 23. Ra1 bxc3 24. bxc3 h6 25. gxh6 Bxh6 26. Nf3 Rb8 27. Nh2 Qb5 28. Qf3 Qc5 29. Ng4 Bg7 30. Re3 Rb3 31. Ra4 Rb1+ 32. Kh2 Qe7 33. Qf4 Rc8 34. Rh3 Rc5 35. Nf6+ Kf8 36. Qh4 Rc4 37. Rxc4 dxc4 38. Qe4 Rb8 39. Qf4 Rc8 40. Rh7 Qc7 41. g3 Qxa5 42. Qh4 Qc7 43. Ng4 Qd8 44. Qh3 Qg5 45. f4 Qd8 46. Qg2 Kg8 47. Rh4 Qd5 48. Qa2 Rd8 49. Qa3 Qf3 50. Nf6+ Bxf6 51. exf6 Qf1 52. Qb2 Qd1 53. Kh3 Qh1+ 54. Kg4 Qe4 55. Kh3 Qh1+ 56. Kg4 Qe4 57. Kh3 Qf5+ 58. Rg4 Qxf6 59. Qb6 Kg7 60. Rh4 Qf5+ 61. Kg2 Rd2+ 62. Kf3 Qd3+ 63. Kg4 f5+ 0-1

[Event "Hofheim Spring op-B 6th"]
[Site "Hofheim"]
[Date "2018.04.05"]
[Round "5"]
[White "Guertler, Karl Heinz"]
[Black "Ungurean, Florin Ioan"]
[Result "1/2-1/2"]
[WhiteElo "1922"]
[BlackElo "1982"]
[PlyCount "55"]
[EventDate "2018.04.03"]
[EventType "swiss"]
[EventRounds "9"]
[EventCountry "GER"]
[SourceTitle "EXT 2020"]
[Source "ChessBase"]
[SourceDate "2019.10.17"]
[SourceVersion "1"]
[SourceVersionDate "2019.10.17"]
[SourceQuality "1"]

1. e4 c5 2. Nf3 e6 3. d4 cxd4 4. Nxd4 Nf6 5. Bd3 Nc6 6. Nxc6 dxc6 7. 0-0 e5 8. Bg5 Be7 9. Nd2 Bg4 10. f3 Be6 11. Qe2 b5 12. a4 a6 13. axb5 cxb5 14. c4 b4 15. Rfd1 0-0 16. Nf1 Qb6+ 17. Be3 Bc5 18. Bxc5 Qxc5+ 19. Qe3 Qc6 20. Ra5 Nd7 21. Rda1 Qc7 22. b3 Rfc8 23. Ng3 Nc5 24. Bc2 Qd6 25. Nf5 Bxf5 26. exf5 Qd4 27. Kf2 Qh4+ 28. Kg1 1/2-1/2

[Event "Hofheim Spring op-B 6th"]
[Site "Hofheim"]
[Date "2018.04.05"]
[Round "4"]
[White "Sever, Mustafa Batuhan"]
[Black "Ungurean, Florin Ioan"]
[Result "0-1"]
[WhiteElo "1838"]
[BlackElo "1982"]
[PlyCount "84"]
[EventDate "2018.04.03"]
[EventType "swiss"]
[EventRounds "9"]
[EventCountry "GER"]
[SourceTitle "EXT 2020"]
[Source "ChessBase"]
[SourceDate "2019.10.17"]
[SourceVersion "1"]
[SourceVersionDate "2019.10.17"]
[SourceQuality "1"]

1. e4 c6 2. d4 Na6 3. c3 Nc7 4. Bf4 d5 5. Nd2 dxe4 6. Nxe4 Nf6 7. Bd3 Ncd5 8. Bg3 Qb6 9. Qc2 Nh5 10. Ne2 h6 11. Be5 Nhf6 12. h3 Bf5 13. 0-0 Nxe4 14. Bxe4 Bxe4 15. Qxe4 e6 16. c4 Ne7 17. Nf4 0-0-0 18. b4 Nf5 19. d5 Ng3 20. Qf3 Nxf1 21. Rxf1 f6 22. Bc3 exd5 23. cxd5 Kb8 24. Rd1 cxd5 25. Ng6 Rg8 26. Rxd5 Bd6 27. b5 Bc7 28. Ne7 Rge8 29. Nf5 Rxd5 30. Qxd5 Rd8 31. Qb3 Qc5 32. Ne3 Qd6 33. g3 Bb6 34. Bb4 Qd7 35. Kg2 Bxe3 36. Qxe3 Qxb5 37. Bc5 Qc6+ 38. Kh2 Rd1 39. f3 b6 40. Qf4+ Kb7 41. Bf2 Qe6 42. g4 Qd6 0-1

[Event "Oberliga Ost-B 1718"]
[Site "Germany"]
[Date "2018.02.25"]
[Round "8.7"]
[White "Ungurean, Florin Ioan"]
[Black "Heck, Norbert"]
[Result "1/2-1/2"]
[WhiteElo "1979"]
[BlackElo "2258"]
[PlyCount "52"]
[EventDate "2017.10.22"]
[EventType "team-tourn"]
[EventRounds "11"]
[EventCountry "GER"]
[SourceTitle "EXT 2019"]
[Source "ChessBase"]
[SourceDate "2018.10.10"]
[SourceVersion "1"]
[SourceVersionDate "2018.10.10"]
[SourceQuality "1"]
[WhiteTeam "Wiesbaden"]
[BlackTeam "Neuberg"]
[WhiteTeamCountry "GER"]
[BlackTeamCountry "GER"]

1. d4 g6 2. Nf3 Bg7 3. Bf4 d6 4. h3 Nd7 5. e3 Ngf6 6. Be2 0-0 7. 0-0 Ne4 8. Nbd2 Nxd2 9. Qxd2 e5 10. Bg3 Qe7 11. Bc4 Kh8 12. dxe5 Nxe5 13. Nxe5 dxe5 14. e4 Be6 15. Bxe6 Qxe6 16. Rfd1 Qe7 17. Qd5 c6 18. Qd6 Rfe8 19. Qxe7 Rxe7 20. Rd6 f6 21. f3 Kg8 22. Rad1 Kf7 23. a4 Bf8 24. Bf2 Re6 25. Rd7+ Re7 26. c3 Ke8 1/2-1/2

[Event "Hofheim Spring op-B 4th"]
[Site "Hofheim"]
[Date "2016.04.01"]
[Round "6"]
[White "Schneider, Kevin"]
[Black "Ungurean, Florin Ioan"]
[Result "0-1"]
[WhiteElo "1574"]
[BlackElo "1993"]
[PlyCount "52"]
[EventDate "2016.03.30"]
[EventType "swiss"]
[EventRounds "9"]
[EventCountry "GER"]
[SourceTitle "EXT 2018"]
[Source "ChessBase"]
[SourceDate "2017.10.13"]
[SourceVersion "1"]
[SourceVersionDate "2017.10.13"]
[SourceQuality "1"]

1. e4 d5 2. exd5 Qxd5 3. Nc3 Qd6 4. d4 Nf6 5. Nf3 a6 6. Be3 b5 7. h3 Bb7 8. Bd3 e6 9. Qd2 Nbd7 10. Bf4 Qb6 11. Ne2 Bd6 12. Bxd6 cxd6 13. Qg5 0-0 14. Nh2 h6 15. Qh4 e5 16. Bf5 exd4 17. Bxd7 Qa5+ 18. Kf1 Nxd7 19. Qxd4 Ne5 20. Nf4 Rac8 21. Nh5 Rxc2 22. Ng4 Qd2 23. Qxd2 Rxd2 24. Nxe5 dxe5 25. Ng3 f5 26. b4 f4 0-1

[Event "Wiesbaden op 27th"]
[Site "Wiesbaden"]
[Date "2015.08.30"]
[Round "7"]
[White "Ungurean, Florin Ioan"]
[Black "Nasshan, Dennis"]
[Result "0-1"]
[WhiteElo "1966"]
[BlackElo "2259"]
[PlyCount "56"]
[EventDate "2015.08.27"]
[EventType "swiss"]
[EventRounds "7"]
[EventCountry "GER"]
[SourceTitle "EXT 2016"]
[Source "ChessBase"]
[SourceDate "2015.10.08"]
[SourceVersion "1"]
[SourceVersionDate "2015.10.08"]
[SourceQuality "1"]

1. d4 d5 2. Nf3 Nf6 3. Bf4 c5 4. c3 Qb6 5. Qc2 Nc6 6. e3 Bg4 7. Nbd2 e6 8. Qb3 c4 9. Qxb6 axb6 10. a3 b5 11. Rc1 h6 12. h3 Bf5 13. Be2 Nd7 14. Bd1 g5 15. Bg3 Bg7 16. Bc2 Bxc2 17. Rxc2 f5 18. 0-0 0-0 19. Bd6 Rf7 20. Nh2 e5 21. f4 gxf4 22. exf4 exd4 23. Nb1 d3 24. Rcc1 Nf6 25. Nd2 d4 26. Be5 Nxe5 27. fxe5 dxc3 28. Nxc4 bxc4 0-1

[Event "Baile Felix Cup 27th"]
[Site "Baile Felix"]
[Date "2012.06.03"]
[Round "5"]
[White "Ungurean, Florin Ioan"]
[Black "Levay, Sorin"]
[Result "0-1"]
[WhiteElo "1941"]
[BlackElo "2175"]
[PlyCount "54"]
[EventDate "2012.06.01"]
[EventType "swiss"]
[EventRounds "7"]
[EventCountry "ROU"]
[SourceTitle "CBM 148 Extra"]
[Source "ChessBase"]
[SourceDate "2012.06.22"]
[SourceVersion "1"]
[SourceVersionDate "2012.06.22"]
[SourceQuality "1"]

1. d4 d6 2. c4 e5 3. Nc3 exd4 4. Qxd4 Nc6 5. Qd1 g6 6. e4 Bg7 7. Nf3 Bg4 8. Be2 Nge7 9. Be3 0-0 10. h3 Bxf3 11. Bxf3 Ne5 12. Be2 f5 13. Bg5 fxe4 14. Nxe4 h6 15. Bd2 Kh7 16. 0-0 Nf5 17. Bc3 Qh4 18. f4 Ne3 19. Qd2 Nxf1 20. Rxf1 Nc6 21. Bxg7 Kxg7 22. g3 Qe7 23. Qc3+ Kh7 24. Bd3 Qg7 25. Qc2 Nb4 26. Qb3 Qd4+ 27. Nf2 Nxd3 0-1